Word of mouth marketing : how smart companies get people talking /
| Main Author: | |
|---|---|
| Format: | Book |
| Language: | English |
| Published: |
Chicago, IL :
Kaplan Pub.,
[2006]
|
| Subjects: | |
| Online Access: | Table of contents only Contributor biographical information Publisher description |
MARC
| Tag | First Indicator | Second Indicator | Subfields |
|---|---|---|---|
| LEADER | 00000cam a22000004a 4500 | ||
| 001 | in00002206313 | ||
| 005 | 20151104120103.0 | ||
| 008 | 060724s2006 ilua 000 0 eng | ||
| 010 | |a 2006024165 | ||
| 020 | |a 1419593331 | ||
| 020 | |a 9781419593338 | ||
| 024 | 3 | |a 9781419593338 | |
| 029 | 1 | |a YDXCP |b 2447902 | |
| 035 | |a (OCoLC)ocm70698934 | ||
| 035 | |a (OCoLC)70698934 | ||
| 040 | |a DLC |c DLC |d YDX |d BAKER |d JAI |d YDXCP |d UtOrBLW | ||
| 049 | |a TXAM | ||
| 050 | 0 | 0 | |a HF5827.95 |b .S47 2006 |
| 082 | 0 | 0 | |a 659.13/3 |2 22 |
| 100 | 1 | |a Sernovitz, Andy. | |
| 245 | 1 | 0 | |a Word of mouth marketing : |b how smart companies get people talking / |c Andy Sernovitz. |
| 264 | 1 | |a Chicago, IL : |b Kaplan Pub., |c [2006] | |
| 264 | 4 | |c ©2006 | |
| 300 | |a xxix, 184 pages : |b illustrations ; |c 24 cm. | ||
| 336 | |a text |b txt |2 rdacontent | ||
| 337 | |a unmediated |b n |2 rdamedia | ||
| 338 | |a volume |b nc |2 rdacarrier | ||
| 650 | 0 | |a Word-of-mouth advertising. | |
| 856 | 4 | 1 | |3 Table of contents only |u http://www.loc.gov/catdir/toc/ecip0618/2006024165.html |t 0 |
| 856 | 4 | 2 | |3 Contributor biographical information |u http://www.loc.gov/catdir/enhancements/fy0664/2006024165-b.html |t 0 |
| 856 | 4 | 2 | |3 Publisher description |u http://www.loc.gov/catdir/enhancements/fy0664/2006024165-d.html |t 0 |
| 938 | |a Baker & Taylor |b BKTY |c 24.95 |d 18.71 |i 1419593331 |n 0006900347 |s active | ||
| 938 | |a YBP Library Services |b YANK |n 2447902 | ||
| 945 | |a PromptCat |b 30468 | ||
| 946 | |a west,stk | ||
| 947 | |a A14835491136 | ||
| 994 | |a 92 |b TXA | ||
| 948 | |a cataloged |b h |c 2007/1/3 |d c |e tcowden |f 4:07:46 pm | ||
| 999 | |a MARS | ||
| 999 | f | f | |s 10a6104e-ddc0-3d8e-9fe9-5094985214e3 |i 04e8d97f-d613-3c27-a8cf-28eba73d0eaf |t 0 |
| 952 | f | f | |p ric |a Texas A&M University |b Rellis Campus |c Joint Library Facility |d Remote Storage |t 0 |e HF5827.95 .S47 2006 |h Library of Congress classification |i unmediated -- volume |m A14835491136 |
| 998 | f | f | |a HF5827.95 .S47 2006 |t 0 |l Remote Storage |